NBA Draft - Lottery Picks Since 2004 - Statistiques

Statistiques générales
  • Ce quiz a été pris 428 fois
  • Le résultat moyen est 75 sur 266
Statistiques - réponses
an Players % Correct
2009 Stephen Curry
76%
2018 Luka Dončić
75%
2020 Patrick Williams
74%
2005 Deron Williams
73%
2011 Derrick Williams
73%
2022 Jalen Williams
73%
2005 Marvin Williams
73%
2013 Michael Carter-Williams
73%
2006 Shelden Williams
73%
2009 Terrence Williams
73%
2021 Ziaire Williams
73%
2018 Trae Young
72%
2019 Zion Williamson
72%
2022 Jalen Duren
71%
2007 Thaddeus Young
71%
2005 Chris Paul
69%
2009 James Harden
69%
2019 Ja Morant
69%
2017 Jayson Tatum
69%
2020 LaMelo Ball
68%
2017 Lonzo Ball
68%
2022 Paolo Banchero
68%
2011 Kyrie Irving
66%
2016 Jaylen Brown
65%
2007 Jeff Green
65%
2021 Jalen Green
64%
2008 Russell Westbrook
64%
2012 Anthony Davis
63%
2020 Anthony Edwards
63%
2021 Cade Cunningham
63%
2018 Deandre Ayton
63%
2010 Ed Davis
63%
2022 Johnny Davis
63%
2016 Ben Simmons
62%
2014 Joel Embiid
62%
2015 Karl-Anthony Towns
62%
2009 Blake Griffin
61%
2008 Derrick Rose
59%
2008 Jason Thompson
59%
2007 Kevin Durant
59%
2011 Klay Thompson
59%
2011 Tristan Thompson
59%
2004 Dwight Howard
58%
2022 Chet Holmgren
57%
2014 Andrew Wiggins
56%
2012 Meyers Leonard
56%
2019 Jaxson Hayes
55%
2020 Killian Hayes
55%
2010 Paul George
55%
2022 Jabari Smith Jr.
54%
2016 Jamal Murray
53%
2022 Keegan Murray
53%
2017 Markelle Fultz
53%
2012 Damian Lillard
52%
2017 Dennis Smith Jr.
52%
2020 Jalen Smith
52%
2013 Anthony Bennett
51%
2021 Davion Mitchell
51%
2015 Devin Booker
51%
2017 Donovan Mitchell
51%
2016 Brandon Ingram
50%
2017 De'Aaron Fox
50%
2012 Harrison Barnes
50%
2018 Jaren Jackson Jr.
50%
2010 John Wall
50%
2021 Scottie Barnes
50%
2017 Josh Jackson
49%
2004 Luke Jackson
49%
2018 Shai Gilgeous-Alexander
49%
2009 DeMar DeRozan
48%
2019 Cameron Johnson
47%
2021 Evan Mobley
47%
2015 Stanley Johnson
47%
2010 Wesley Johnson
47%
2012 Bradley Beal
45%
2015 D'Angelo Russell
45%
2019 Darius Garland
45%
2018 Mikal Bridges
45%
2018 Miles Bridges
45%
2019 R.J. Barrett
45%
2020 Tyrese Haliburton
45%
2014 Zach LaVine
45%
2014 Aaron Gordon
44%
2004 Ben Gordon
44%
2019 Coby White
44%
2008 Eric Gordon
44%
2007 Greg Oden
44%
2016 Domantas Sabonis
43%
2014 Jabari Parker
43%
2015 Kristaps Porziņģis
43%
2020 James Wiseman
42%
2018 Marvin Bagley III
41%
2021 Franz Wagner
40%
2018 Michael Porter Jr.
40%
2013 Otto Porter
40%
2017 Bam Adebayo
37%
2019 Tyler Herro
37%
2018 Wendell Carter Jr.
37%
2008 Kevin Love
35%
2007 Al Horford
34%
2017 Frank Ntilikina
33%
2022 Jaden Ivey
33%
2014 Julius Randle
33%
2013 C.J. McCollum
32%
2014 Marcus Smart
32%
2007 Joakim Noah
31%
2009 Ricky Rubio
31%
2006 Tyrus Thomas
31%
2005 Andrew Bogut
30%
2019 De’Andre Hunter
30%
2010 DeMarcus Cousins
30%
2011 Kemba Walker
30%
2017 Zach Collins
30%
2008 Brook Lopez
29%
2021 Jalen Suggs
29%
2017 Lauri Markkanen
29%
2010 Evan Turner
28%
2007 Mike Conley
28%
2015 Myles Turner
28%
2022 Bennedict Mathurin
27%
2018 Collin Sexton
27%
2004 Devin Harris
27%
2021 Josh Giddey
27%
2006 LaMarcus Aldridge
27%
2018 Jerome Robinson
26%
2012 Thomas Robinson
26%
2013 Victor Oladipo
26%
2006 Andrea Bargnani
25%
2022 Jeremy Sochan
25%
2021 Jonathan Kuminga
25%
2009 Earl Clark
24%
2013 Steven Adams
24%
2020 Devin Vassell
23%
2004 Andre Iguodala
22%
2004 Emeka Okafor
22%
2015 Jahlil Okafor
22%
2008 Joe Alexander
22%
2013 Alex Len
21%
2012 Andre Drummond
21%
2019 Cam Reddish
21%
2022 Ousmane Dieng
21%
2020 Isaac Okoro
20%
2017 Jonathan Isaac
20%
2019 Rui Hachimura
20%
2006 Brandon Roy
19%
2017 Malik Monk
19%
2013 Nerlens Noel
18%
2010 Gordon Hayward
17%
2013 Kentavious Caldwell-Pope
17%
2022 Shaedon Sharpe
17%
2016 Buddy Hield
16%
2014 Elfrid Payton
16%
2011 Marcus Morris
16%
2011 Markieff Morris
16%
2018 Mohamed Bamba
16%
2020 Obi Toppin
16%
2009 Tyreke Evans
16%
2011 Jonas Valančiūnas
15%
2009 Jordan Hill
15%
2008 Michael Beasley
15%
2020 Deni Avdija
14%
2009 Jonny Flynn
14%
2018 Kevin Knox
14%
2021 Moses Moody
14%
2019 P.J. Washington
14%
2012 Michael Kidd-Gilchrist
13%
2020 Onyeka Okongwu
13%
2022 Dyson Daniels
12%
2009 Hasheem Thabeet
11%
2019 Jarrett Culver
11%
2004 Luol Deng
11%
2013 Cody Zeller
10%
2009 Gerald Henderson
10%
2020 Kira Lewis Jr.
10%
2006 Rudy Gay
10%
2020 Aaron Nesmith
9%
2009 Brandon Jennings
9%
2014 Dario Šarić
9%
2011 Enes Kanter
9%
2021 Joshua Primo
9%
2017 Luke Kennard
9%
2012 Terrence Ross
9%
2005 Andrew Bynum
8%
2015 Cameron Payne
8%
2021 Chris Duarte
8%
2016 Kris Dunn
8%
2016 Taurean Prince
8%
2014 Dante Exum
7%
2016 Dragan Bender
7%
2006 J.J. Redick
7%
2014 T.J. Warren
7%
2012 Austin Rivers
6%
2013 Ben McLemore
6%
2011 Bismack Biyombo
6%
2011 Brandon Knight
6%
2008 Danilo Gallinari
6%
2010 Derrick Favors
6%
2012 Dion Waiters
6%
2014 Doug McDermott
6%
2015 Emmanuel Mudiay
6%
2021 James Bouknight
6%
2013 Kelly Olynyk
6%
2005 Sean May
6%
2004 Shaun Livingston
6%
2006 Adam Morrison
5%
2011 Alec Burks
5%
2022 Ochai Agbaji
5%
2016 Thon Maker
5%
2016 Denzel Valentine
4%
2010 Greg Monroe
4%
2012 Jeremy Lamb
4%
2015 Justise Winslow
4%
2015 Mario Hezonja
4%
2008 O.J. Mayo
4%
2005 Raymond Felton
4%
2019 Romeo Langford
4%
2013 Trey Burke
4%
2015 Trey Lyles
4%
2010 Al-Farouq Aminu
3%
2007 Brandan Wright
3%
2007 Corey Brewer
3%
2015 Frank Kaminsky
3%
2016 Jakob Pöltl
3%
2007 Julian Wright
3%
2016 Marquese Chriss
3%
2014 Nik Stauskas
3%
2006 Randy Foye
3%
2006 Ronnie Brewer
3%
2013 Shabazz Muhammad
3%
2007 Acie Law
2%
2005 Channing Frye
2%
2005 Charlie Villanueva
2%
2008 D.J. Augustin
2%
2011 Jan Veselý
2%
2011 Jimmer Fredette
2%
2012 Kendall Marshall
2%
2004 Kris Humphries
2%
2014 Noah Vonleh
2%
2010 Patrick Patterson
2%
2007 Spencer Hawes
2%
2006 Thabo Sefolosha
2%
2015 Willie Cauley-Stein
2%
2007 Yi Jianlian
2%
2004 Andris Biedriņš
1%
2008 Anthony Randoplh
1%
2010 Ekpe Udoh
1%
2005 Fran Vázquez
1%
2016 Georgios Papagiannis
1%
2005 Ike Diogu
1%
2012 John Henson
1%
2005 Martell Webster
1%
2006 Mouhamed Sene
1%
2006 Patrick O'Bryant
1%
2004 Rafael Araújo
1%
2005 Rashad McCants
1%
2004 Robert Swift
1%
2004 Sebatian Telfair
1%
2009 Tyler Hansbrough
1%
2007 Al Thornton
0%
2008 Brandon Rush
0%
2010 Cole Aldrich
0%
2006 Hilton Armstrong
0%
2008 Jerryd Bayless
0%
2004 Josh Childress
0%
2010 Xavier Henry
0%
2005 Yaroslav Korolev
0%
Aucun quiz correspondant
Distribution des résultats
% des personnes avec chaque résultat
Percentile par nombre de réponses
Votre historique - résultats
Vous n’avez pas pris ce quiz